| 000 | 00333nam a22001217a 4500 | ||
|---|---|---|---|
| 008 | 190315b xxu||||| |||| 00| 0 eng d | ||
| 041 | _aeng | ||
| 080 | _a043.3 | ||
| 100 | _a0 | ||
| 101 | _aMBE-BA | ||
| 245 |
_aPërdorimi i teknologjisë dhe besueshmëria e fakteve elektronike në procesin e Auditimit _cHoxha,R |
||
| 942 |
_2udc _cBK |
||
| 999 |
_c54836 _d54836 |
||